[Event "COL-ch U20"]
[Site "Duitama"]
[Date "2021.03.19"]
[Round "3"]
[White "Mogollon Tobar, Nicolle Juliet"]
[Black "Rosas Molano, Mauricio"]
[Result "1-0"]
[WhiteElo "1664"]
[BlackElo "1424"]
[PlyCount "59"]
[EventDate "2021.03.18"]
[EventType "swiss"]
[EventRounds "7"]
[EventCountry "COL"]
[SourceTitle "EXT 2022"]
[Source "ChessBase"]
[SourceDate "2021.10.06"]
[SourceVersion "1"]
[SourceVersionDate "2021.10.06"]
[SourceQuality "1"]

1. e4 c5 2. Nf3 Nc6 3. d4 cxd4 4. Nxd4 g6 5. c4 Bg7 6. Be3 Nf6 7. Nc3 d6 8. Be2 0-0 9. 0-0 a6 10. a3 Qc7 11. Rc1 Nxd4 12. Bxd4 Be6 13. b4 Rfc8 14. Na4 Re8 15. f3 Nd7 16. f4 f5 17. exf5 Bxf5 18. Bxg7 Kxg7 19. c5 dxc5 20. Nxc5 Qb6 21. Kh1 Nxc5 22. Rxc5 Rad8 23. Qa1+ Qf6 24. Re5 Bd3 25. Bxd3 Rxd3 26. h3 Kg8 27. Qc1 Qd6 28. Rfe1 Rd5 29. Qc4 e6 30. Rxd5 1-0

[Event "COL-ch Amateur U1700"]
[Site "Paipa"]
[Date "2020.02.28"]
[Round "4"]
[White "Penas F, Luis Orlando"]
[Black "Rosas Molano, Mauricio"]
[Result "1-0"]
[WhiteElo "1442"]
[BlackElo "1556"]
[PlyCount "115"]
[EventDate "2020.02.26"]
[EventType "swiss"]
[EventRounds "9"]
[EventCountry "COL"]
[SourceTitle "EXT 2021"]
[Source "ChessBase"]
[SourceDate "2020.10.23"]
[SourceVersion "1"]
[SourceVersionDate "2020.10.23"]
[SourceQuality "1"]

1. e4 c5 2. Nf3 g6 3. Bc4 Bg7 4. c3 e6 5. 0-0 Ne7 6. d3 0-0 7. Be3 d6 8. Qd2 Nbc6 9. Bb3 Bd7 10. Na3 a6 11. Rad1 Qc7 12. Bh6 Rad8 13. Nc2 b5 14. a3 d5 15. Bxg7 Kxg7 16. Rfe1 dxe4 17. Rxe4 Na5 18. Ba2 c4 19. d4 Bc6 20. Rf4 Bxf3 21. Rxf3 Nd5 22. Re1 Nc6 23. Rh3 Qf4 24. Qe2 h5 25. Bb1 Qh6 26. Rf3 Nf4 27. Qe4 Nd5 28. Nb4 Ncxb4 29. axb4 Qg5 30. h4 Qe7 31. Qe5+ Kh6 32. g3 g5 33. hxg5+ Qxg5 34. Qxg5+ Kxg5 35. Re5+ Kh6 36. Be4 Rd6 37. Bxd5 exd5 38. Rff5 f6 39. Rxh5+ Kg6 40. Rxd5 Rfd8 41. Rxd6 Rxd6 42. Rh4 Kg5 43. Re4 f5 44. Re5 Kf6 45. Kg2 Kg5 46. Kf3 Rf6 47. d5 Kg6 48. Kf4 Rb6 49. f3 Rf6 50. Ke3 Kg5 51. Kd4 Kg6 52. Kc5 Rf8 53. Kb6 Rf6+ 54. Re6 Rxe6+ 55. dxe6 Kf6 56. Kxa6 Kxe6 57. Kxb5 Kd6 58. Kxc4 1-0

[Event "COL-ch Amateur U1700"]
[Site "Paipa"]
[Date "2020.02.27"]
[Round "3"]
[White "Rosas Molano, Mauricio"]
[Black "Reyes Aristizabal, Andres"]
[Result "1-0"]
[WhiteElo "1556"]
[BlackElo "1577"]
[PlyCount "26"]
[EventDate "2020.02.26"]
[EventType "swiss"]
[EventRounds "9"]
[EventCountry "COL"]
[SourceTitle "EXT 2021"]
[Source "ChessBase"]
[SourceDate "2020.10.23"]
[SourceVersion "1"]
[SourceVersionDate "2020.10.23"]
[SourceQuality "1"]

1. e4 c5 2. Nf3 g6 3. d4 cxd4 4. Nxd4 Bg7 5. c4 Nc6 6. Nxc6 dxc6 7. Qxd8+ Kxd8 8. Be2 Nf6 9. Nc3 Bg4 10. e5 Bxe2 11. exf6 exf6 12. Kxe2 Re8+ 13. Be3 Re4 1-0